| 000 | 01381nam a22002417a 4500 | ||
|---|---|---|---|
| 005 | 20240724233240.0 | ||
| 008 | s2553 th tha d | ||
| 041 | _atha | ||
| 050 | _aNA7533 ฐ329ก 2553 | ||
| 100 | 0 | _aฐิตยา สารฤทธิ์ | |
| 245 | 1 | 0 | _aการออกแบบบ้านเดี่ยวขนาดเล็กด้วยระบบโมดูลาร์ที่เหมาะสมสำหรับกรุงเทพมหานคร |
| 260 | 3 |
_aกรุงเทพฯ : _bคณะสถาปัตยกรรมศาสตร์และผังเมือง มหาวิทยาลัยธรรมศาสตร์, _c2553 |
|
| 300 |
_a97 หน้า : _b ภาพประกอบ ; _c 30 ซม. |
||
| 650 | 0 | 4 | _aการประสานทางพิกัด |
| 650 | 0 | 4 | _aการก่อสร้างระบบโมดูลาร์ |
| 650 | 0 | 4 | _aบ้านขนาดเล็ก -- การออกแบบและการสร้าง |
| 650 | 0 | 4 | _aบ้านขนาดเล็ก -- แบบและแผนผัง |
| 850 | _aNALT | ||
| 942 | _cRSH | ||
| 997 | _aบ 23097 | ||
| 997 | _c000000000061370 | ||
| 998 | _aนางสาวชัชฎา จูฑะรักษ์ | ||
| 999 |
_c61370 _d61370 |
||